000 00699nam a22002177a 4500
005 20240731125454.0
008 080603t xxu||||| |||| 00| 0 eng d
010 _aENG-140908
020 _a9788179665169
_c160.00
035 _aEN-124440
037 _bDBAD
040 _aDPL
_bEnglish
082 _a808.5
100 _aFarhathulla, T M
_969125
245 _aA Course in Speaking and Listening For Colleges/
_cBy T M Farhathulla,
_b
260 _aChennai
_bEmerald Publishers
_c2019
270 _a15A, First Floor, Case Major Road, Egmore,
_bChennai
_e600008
_k91-44-28193206
300 _a101p.
_c24cm(pbk)
_bill.
490 _vVol 1
942 _2ddc
_cEN
_h808.5
_mFAR
999 _c204661
_d204661